000 00912cam a22003011 4500
001 10800
003 BD-RjUL
005 20211208235023.0
008 250114s1960 enka b 000 0 eng c
035 _aBD-RjUL
035 _a(OCoLC)13472893
040 _aDLC/ICU
_cCGU
_dUKM
_dCOU
_dBD-RjUL
_beng
041 _aeng
082 0 _a547.782
_bSTP 1960
090 _aQD321.S76x 1960
100 1 _aStacey, M.
_q(Maurice),
_d1907-1994.
_933397
245 1 0 _aPolysaccharides of micro-organisms /
_cby M. Stacey and S.A. Barker.
260 _aOxford,
_bClarendon Press,
_c1960.
300 _a228 p.:
_billus.;
_c23 cm.
504 _aIncludes bibliography.
650 0 _aMicrobial polysaccharides.
_933398
700 1 _aBarker, Sydney Alan.
_933399
942 _2ddc
_cBK
946 _at
949 0 _ac
_bRSC
_cHDC
_o0
_p39080024580760
_x15
_yHDC ITEM
_hQD321.S76x 1960
999 _c10800
_d10800